| 000 | 00517nam a2200157 i 4500 | ||
|---|---|---|---|
| 001 | 95445 | ||
| 003 | ES-MaACL | ||
| 005 | 20230906181716.0 | ||
| 007 | t| | ||
| 008 | 050530s1981 sp ||||1| spa d | ||
| 100 | 1 |
_aLlamas Labella, José Manuel. _972669 |
|
| 245 | 1 | 0 |
_aEquipos de protección personal de las vías respiratorias dependientes del medio ambiente / _cJosé Manuel Llamas Labella. |
| 260 |
_aMadrid : _bMAPFRE, _c1981. |
||
| 300 |
_aXI, 378 p. : _bil. ; _c21 cm. |
||
| 852 |
_aES-MaACL _jL-1661 _bR.102152 |
||
| 999 |
_c95445 _d95445 |
||